Erlebnispädagogische Arbeit mit Strafgefangenen

Saved in:  
Bibliographic Details
Main Author: Drogand-Strud, Michael (Author)
Format: Print Article
Language:German
Published: 1990
In: Theorie und Praxis der sozialen Arbeit
Year: 1990, Volume: 41, Issue: 3, Pages: 112-114
Availability in Tübingen:Present in Tübingen.
IFK: 6216
Check availability: HBZ Gateway
Keywords:

MARC

LEADER 00000caa a22000002c 4500
001 1639216049
003 DE-627
005 20220608124428.0
007 tu
008 130704s1990 xx ||||| 00| ||ger c
035 |a (DE-627)1639216049 
035 |a (DE-576)386818509 
035 |a (DE-599)BSZ386818509 
040 |a DE-627  |b ger  |c DE-627  |e rakwb 
041 |a ger 
100 1 |a Drogand-Strud, Michael  |4 aut 
245 1 0 |a Erlebnispädagogische Arbeit mit Strafgefangenen  |c Michael Drogand 
264 1 |c 1990 
336 |a Text  |b txt  |2 rdacontent 
337 |a ohne Hilfsmittel zu benutzen  |b n  |2 rdamedia 
338 |a Band  |b nc  |2 rdacarrier 
773 0 8 |i In  |t Theorie und Praxis der sozialen Arbeit  |d Weinheim : Beltz Juventa, 1972  |g 41(1990), 3, Seite 112-114  |w (DE-627)129400831  |w (DE-600)186497-X  |w (DE-576)014783185  |x 0342-2275  |7 nnas 
773 1 8 |g volume:41  |g year:1990  |g number:3  |g pages:112-114 
951 |a AR 
ELC |b 1 
LOK |0 000 xxxxxcx a22 zn 4500 
LOK |0 001 3299595059 
LOK |0 003 DE-627 
LOK |0 004 1639216049 
LOK |0 005 20130704145045 
LOK |0 008 130704||||||||||||||||ger||||||| 
LOK |0 040   |a DE-21-110  |c DE-627  |d DE-21-110 
LOK |0 689   |a s  |a Erlebnispädagogik 
LOK |0 689   |a s  |a Jugendstrafgefangene 
LOK |0 852   |a DE-21-110 
LOK |0 852 1  |c 6216  |m p  |9 00 
LOK |0 935   |a k110 
LOK |0 938   |k p 
LOK |0 939   |a 04-07-13  |b l01 
ORI |a SA-MARC-krimdoka001.raw 
SIG |a IFK: 6216